Step up /

Tyler is a rebel from the wrong side of Baltimore¹s tracks. The only thing that stands between him and an unfulfilled life are his dreams of one day making it out of there. Nora is a privileged ballet dancer attending an elite school of dance in Baltimore. The only thing standing in the way of her b...

Full description

Bibliographic Details
Corporate Authors: Touchstone Home Entertainment (Firm), Summit Entertainment, Buena Vista Home Entertainment (Firm)
Other Authors: Feig, Erik, Gibgot, Jennifer, Shankman, Adam, Wachsberger, Patrick, Adler, Duane G., Rosenberg, Melissa, Fletcher, Anne, 1966-, Tatum, Channing, Dewan, Jenna, 1980-, Radcliff, Damaine, Washington, De'Shawn, Mario, 1986-, Seresin, Michael, Zigman, Aaron
Format: Video DVD
Language:English
French
Language Notes:In English or French with optional subtitles in French or Spanish; subtitles for the deaf and hard-of-hearing.
Published: Burbank, CA : Touchstone Home Entertainment : [2006]
Subjects:

MARC

Tag First Indicator Second Indicator Subfields
LEADER 00000cgm a2200000Ia 4500
001 in00002394869
005 20151109062627.0
007 vd cvaizq
008 060920s2006 cau103 g vleng d
020 |a 9780788872280 
020 |a 0788872281 
024 1 |a 786936718140 
028 4 1 |a 52670  |b Touchstone Home Entertainment 
035 |a (OCoLC)ocm71381219 
035 |a (OCoLC)71381219 
037 |b Midwest Tape  |n http://www.midwesttapes.com 
040 |a TEFMT  |c TEFMT  |d TEF  |d RCS  |d MNL  |d VP@  |d BTCTA  |d IBI  |d OCLCQ  |d EHH  |d OCLCA  |d OCLCQ  |d UtOrBLW 
041 1 |a eng  |a fre  |j eng  |j fre  |j spa  |h eng 
043 |a n-us-md 
049 |a TXAM 
050 1 4 |a PN1995.9.M27  |b S747 2006 
082 0 4 |a 791.43/72  |2 22 
090 |a PN1997.2  |b .S74 2006 
245 0 0 |a Step up /  |c Eketahuna LLC ; Summit Entertainment ; Touchstone Pictures ; produced by Erik Feig, Jennifer Gibgot, Adam Shankman, Patrick Wachsberger ; story by Duane Adler ; screenplay by Duane Adler and Melissa Rosenberg ; directed by Anne Fletcher. 
264 1 |a Burbank, CA :  |b Touchstone Home Entertainment :  |c [2006] 
264 2 |a Burbank, CA :  |b Distributed by Buena Vista Home Entertainment, 
264 4 |c [©2006] 
300 |a 1 videodisc (approximately 103 min.) :  |b sound, color ;  |c 4 3/4 in. 
336 |a two-dimensional moving image  |b tdi  |2 rdacontent 
337 |a video  |b v  |2 rdamedia 
338 |a videodisc  |b vd  |2 rdacarrier 
538 |a DVD; region 1; NTSC; widescreen (2.35:1, enchanced) presentation. 
546 |a In English or French with optional subtitles in French or Spanish; subtitles for the deaf and hard-of-hearing. 
511 1 |a Channing Tatum, Jenna Dewan, Damaine Radcliff, De'Shawn Washington, Mario, Drew Sidora, Rachel Griffiths, Josh Henderson, Tim Lacatena. 
508 |a Director of photography, Michael Seresin ; editor, Nancy Richardson ; music, Aaron Zigman ; costume designer, Alix Hester ; production designer, Shepherd Frankel. 
521 8 |a MPAA rating: PG-13; for thematic elements, brief violence and innuendo. 
520 |a Tyler is a rebel from the wrong side of Baltimore¹s tracks. The only thing that stands between him and an unfulfilled life are his dreams of one day making it out of there. Nora is a privileged ballet dancer attending an elite school of dance in Baltimore. The only thing standing in the way of her brilliant future is finding a great dance partner for her senior showcase. When trouble with the law lands Tyler with a community service gig at Maryland School of the Arts, he arrives as an angry outsider, until his skills as a gifted street dancer draw Nora¹s attention. With sparks flying on and off stage, Tyler realizes he has just one performance to prove that he can step up to a life far larger than he ever imagined. 
500 |a Special features: Deleted scenes; Bloopers; MySpace.com dance contest videos; "Making the moves" featurette; Music videos. 
500 |a Videorecording. 
650 0 |a Dancers  |z Maryland  |z Baltimore  |v Drama. 
650 0 |a High school students  |x Conduct of life  |v Drama. 
650 0 |a Community service (Punishment)  |z Maryland  |z Baltimore  |v Drama. 
650 7 |a Bailarines  |z Maryland  |z Baltimore  |v Teatro.  |2 bidex 
650 7 |a Estudiantes  |x Conducta (Ética)  |v Teatro.  |2 bidex 
655 7 |a Feature films.  |2 lcgft 
655 7 |a Musical films.  |2 lcgft 
655 0 |a Melodrama, American. 
655 7 |a Musical  |v Feature.  |2 migfg 
655 7 |a Melodrama  |v Feature.  |2 migfg 
655 7 |a Romance  |v Feature.  |2 migfg 
655 7 |a Youth  |v Feature.  |2 migfg 
655 7 |a Feature films.  |2 gsafd 
655 7 |a Melodrama.  |2 gsafd 
655 7 |a Video recordings for the hearing impaired.  |2 lcgft 
700 1 |a Feig, Erik. 
700 1 |a Gibgot, Jennifer. 
700 1 |a Shankman, Adam. 
700 1 |a Wachsberger, Patrick. 
700 1 |a Adler, Duane G. 
700 1 |a Rosenberg, Melissa. 
700 1 |a Fletcher, Anne,  |d 1966- 
700 1 |a Tatum, Channing. 
700 1 |a Dewan, Jenna,  |d 1980- 
700 1 |a Radcliff, Damaine. 
700 1 |a Washington, De'Shawn. 
700 0 |a Mario,  |d 1986- 
700 1 |a Seresin, Michael. 
700 1 |a Zigman, Aaron. 
710 2 |a Touchstone Home Entertainment (Firm) 
710 2 |a Summit Entertainment. 
710 2 |a Buena Vista Home Entertainment (Firm) 
938 |a Baker and Taylor  |b BTCP  |n be2006029723 
994 |a C0  |b TXA 
948 |a cataloged  |b h  |c 2008/6/13  |d c  |e blrosas  |f 9:31:56 am 
999 |a MARS 
999 f f |s 77ba8712-8794-3768-a4ad-199ab7788687  |i 59e0a77c-7f45-39ea-ae04-f912b39dcf49  |t 0 
952 f f |p ric  |a Texas A&M University  |b Rellis Campus  |c Joint Library Facility  |d Remote Storage  |t 0  |e PN1997.2 .S74 2006  |h Library of Congress classification  |i video -- videodisc  |m A14839033875 
998 f f |a PN1997.2 .S74 2006  |t 0  |l Remote Storage